Statistics for Spain - Regions Quiz

Click here to take the quiz!

General Stats

  • This quiz has been taken 20 times
  • The average score is 7 of 11

Answer Stats

HintAnswer% Correct
Capital : SevilleAndalusia
95%
Most Known City is BarcelonaCatalonia
89%
It’s Split in 7 IslandsCanary Islands
79%
President : Javier LambánAragon
74%
Most of The Flag is BlueAsturias
74%
3rd Largest RegionCastilla-La Mancha
68%
Smallest RegionBalearic Islands
63%
Capital : SantanderCantabria
63%
Largest RegionCastille and Leon
63%
Area : 7,234Basque Country
37%
Has The Capital of SpainCommunity of Madrid
32%

Score Distribution

Percentile by Number Answered

Percent of People with Each Score

Your Score History

You have not taken this quiz